| 000 | 01413cam a2200277 4500 | ||
|---|---|---|---|
| 001 | WB3717-16 | ||
| 008 | 000000n2001 000 0 eng u | ||
| 035 | _a(Sirsi) u112386 | ||
| 245 | _a"Buccleuch Estates v Lowe" refered to arbiter | ||
| 260 | _c2001 | ||
| 490 |
_aHerald _v1 May 2001, 2(1) |
||
| 520 | _aThe Scottish Land Court has refused Buccleuch Estates' application for a preliminary hearing into its jurisdiction and competency to rule on the estate's bid to recover farmland from a tenant so that it can be sold for development. The estate has claimed 'greater hardship' if it is not allowed to realise the land asset, which could be £50m if a business park, housing and park and ride facilities were developed. Arbitration could take 5 years, with appeals, and could see the dispute returning to the court. | ||
| 590 | _aWB | ||
| 650 | _aPROPERTY-LANDLORD AND TENANT-TENANCIES-AGRICULTURAL TENANCIES | ||
| 650 | _aMANAGEMENT-DISPUTE AVOIDANCE, MANAGEMENT AND RESOLUTION-DISPUTE MANAGEMENT AND RESOLUTION-ARBITRATION | ||
| 650 | _aBUCCLEUCH ESTATES V LOWE | ||
| 650 | _aPROPERTY-COMMERCIAL PROPERTY-COMMERCIAL PROPERTY DEVELOPMENT | ||
| 650 | _aGREATER HARDSHIP | ||
| 650 | _aSCOTTISH LAND COURT | ||
| 650 | _aSCOTLAND | ||
| 650 | _aTENANTED FARMLAND | ||
| 650 | _aTENANTED FARMS | ||
| 650 | _aTENANTED LAND | ||
| 690 | _aLANDLORD AND TENANT-AGRICULTURAL TENANCIES | ||
| 942 | _n0 | ||
| 999 |
_c66884 _d66884 |
||